000
00219 a2200097 4500
001
17468
100
_a
Wong K.K
245
_a
Computer security risk analysis and control
260
_a
_b
N.C.C
_c
090
_c
12909
_d
12909
942
_a
NUST-CAE
_c
M
_c
3235
999
_c
252541
_d
252541